00454 2200181 4500001002100000005001500021035002000036008004100056245005600097100001800153250000600171260003600177300001100213084001400224082000800238650001400246990001200260INLIS00000000000019020240502022543 a0010-0424000166240502 0 ind 1 aIbu Sehat, Anak Sehat,Bangsaku Kuat /cSekar Amalia aAmalia, Sekar a1 aBanten :bPantja Simpati,c2011 a56 hlm a300 SEK i a300 4aNon Fiksi a0732464